000 00745cam a2200253 a 4500
001 1046073
005 20180103031752.0
008 891025s1989 onc b 000 0 eng
010 _a 89199055
020 _a0773506721 (alk. paper)
020 _a0773506810 (pbk. : alk. paper)
040 _aDLC
_cDLC
_dDLC
041 _aeng
043 _an-cn---
080 _a338.971 CLE
082 0 0 _a338.971 CLE
_220
100 _a19
101 _aPOL
245 0 4 _aThe New Canadian political economy /
504 _aIncludes bibliographical references.
906 _a7
_bcbc
_corignew
_d2
_encip
_f19
_gy-gencatlg
942 _2ddc
_cBK
999 _c39584
_d39584